| 000 | 01056nmm a2200313 a 4500 | ||
|---|---|---|---|
| 001 | ocm0002347988 | ||
| 003 | TR-IsHL | ||
| 005 | 20201028185305.0 | ||
| 008 | 190906s2019 tu tur | ||
| 007 | cr cn | ||
| 020 | _a9786052022092 | ||
| 035 |
_a2347988 _b(N$T) |
||
| 050 | 0 | 4 |
_aPG3327.T8 _bZ4 2019 |
| 090 | 0 | 4 |
_aPG3327.T8 _bZ4 2019 |
| 100 | 1 | _aDostoyevsky, Fyodor | |
| 245 | 1 | 0 |
_aYeraltından notlar _h[electronic resource] / _cFyodor Dostoyevsky ; editör Zehra Onat ; çeviri Leyla Yıldırım |
| 250 | _a1. Baskı | ||
| 260 |
_aİstanbul : _bİlgi Kültür Sanat Yayıncılık , _c2019 |
||
| 300 | _a190 p. | ||
| 500 | _aözgün adı: Zapiski iz podpol'ia | ||
| 650 | 4 | _aDil ve Edebiyat | |
| 650 | 4 | _aLanguage and Literature | |
| 650 | 0 | _aRus romanı | |
| 650 | 0 | _aRussian fiction | |
| 650 | 7 |
_aLITERARY COLLECTIONS / Russian & Former Soviet Union _2bisacsh |
|
| 700 | 1 | _aOnat, Zehra | |
| 700 | 1 | _aYıldırım, Leyla | |
| 856 | 4 | 0 | _uhttp://search.ebscohost.com/login.aspx?direct=true&scope=site&db=e011xww&AN=2347988 |
| 999 |
_c21397 _d21397 |
||